Advanced Computer Aided Fixture Deign (Record no. 29316)

MARC details
000 -LEADER
fixed length control field 00394nam a22001577a 4500
003 - CONTROL NUMBER IDENTIFIER
control field OSt
005 - DATE AND TIME OF LATEST TRANSACTION
control field 20220204145016.0
008 - FIXED-LENGTH DATA ELEMENTS--GENERAL INFORMATION
fixed length control field 220204b |||||||| |||| 00| 0 eng d
020 ## - INTERNATIONAL STANDARD BOOK NUMBER
International Standard Book Number 0125947518
040 ## - CATALOGING SOURCE
Transcribing agency H.U
082 ## - DEWEY DECIMAL CLASSIFICATION NUMBER
Classification number 621.992
100 ## - MAIN ENTRY--PERSONAL NAME
Personal name Rong
9 (RLIN) 29757
245 ## - TITLE STATEMENT
Title Advanced Computer Aided Fixture Deign
260 ## - PUBLICATION, DISTRIBUTION, ETC.
Place of publication, distribution, etc. New York
Name of publisher, distributor, etc. Elsevier Academic Presss
Date of publication, distribution, etc. 2005
942 ## - ADDED ENTRY ELEMENTS (KOHA)
Source of classification or shelving scheme Dewey Decimal Classification
Koha item type Books like text book referance book
Suppress in OPAC No
Holdings
Withdrawn status Lost status Source of classification or shelving scheme Damaged status Not for loan Home library Current library Shelving location Date acquired Total Checkouts Full call number Barcode Date last seen Copy number Price effective from Koha item type
    Dewey Decimal Classification     IoT Library IoT Library General Stacks 02/04/2022   621.992/RON/2005 IOTL0010685 02/04/2022 1 02/04/2022 Books like text book referance book
    Dewey Decimal Classification     IoT Library IoT Library General Stacks 02/04/2022   621.992/RON/2005 IOTL0010686 02/04/2022 2 02/04/2022 Books like text book referance book